| 000 | 00620cab a2200253 4500 | ||
|---|---|---|---|
| 001 | ABS60585 | ||
| 008 | 090401t1999 xxu||||| |||| 00| 0 eng d | ||
| 035 | _a(Sirsi) u93145 | ||
| 041 | _aeng | ||
| 245 | _aMoses v Smith (VO) | ||
| 260 | _c1999 | ||
| 350 | _a0 | ||
| 490 |
_aRating & Valuation Reporter _v[1999] 39 RVR 3, 52-55(4) |
||
| 650 | _aFIRE HAZARDS | ||
| 650 | _aHEALTH HAZARDS | ||
| 650 | _aLANDS TRIBUNAL | ||
| 650 | _aMOSES V SMITH | ||
| 650 | _aRATEABLE VALUE | ||
| 650 | _aRESTAURANTS | ||
| 650 | _aRUBBISH | ||
| 690 | _aRATING AND VALUATION-CASE LAW | ||
| 942 | _n0 | ||
| 948 | _c06/05/1999 | ||
| 999 |
_c59030 _d59030 |
||